[Event "Copenhagen Ch"]
[Site "Copenhagen"]
[Date "2000.01.24"]
[Round "4"]
[White "El Kher, Henrik"]
[Black "Sorensen, Torben N"]
[Result "1-0"]
[WhiteElo "2372"]
[BlackElo "2319"]
[PlyCount "73"]
[EventDate "2000.01.21"]
[EventCountry "DEN"]

1. e4 c5 2. Nf3 g6 3. d4 cxd4 4. Qxd4 Nf6 5. Bb5 Nc6 6. Bxc6 dxc6 7. Qxd8+ Kxd8
8. e5 Nd5 9. O-O Ke8 10. Bd2 Bg7 11. Re1 Bg4 12. Nd4 Rd8 13. h3 Bc8 14. Na3 Nc7
15. Nf3 Be6 16. c4 Rd3 17. Be3 b6 18. Rad1 Rxd1 19. Rxd1 h6 20. b4 Bd7 21. Nc2
Ne6 22. c5 bxc5 23. bxc5 Nc7 24. Rb1 Bf5 25. Rb7 $11 Kd7 26. Nb4 a5 27. Na6 Rc8
28. e6+ Kd8 29. Nxc7 Rxc7 30. Rb8+ Rc8 31. Rxc8+ Kxc8 32. exf7 Be6 33. Bd4 Bf8
34. Ne5 Bf5 35. f4 Kc7 36. g4 Bb1 37. a3 {Tid.} 1-0

[Event "Copenhagen Ch"]
[Site "Copenhagen"]
[Date "2000.01.28"]
[Round "8"]
[White "El Kher, Henrik"]
[Black "Jorgensen, Per Henrik Dorff"]
[Result "1/2-1/2"]
[WhiteElo "2372"]
[BlackElo "2300"]
[PlyCount "58"]
[EventDate "2000.01.21"]
[EventCountry "DEN"]

1. e4 e5 2. Nf3 Nc6 3. Nc3 Nf6 4. d4 exd4 5. Nxd4 Bb4 6. Nxc6 bxc6 7. Bd3 d5 8.
exd5 cxd5 9. O-O O-O 10. Bg5 Be6 11. Nb5 c5 12. a3 Ba5 13. b4 Bb6 14. bxc5 Bxc5
15. Qf3 Rc8 16. c3 h6 17. Bxf6 Qxf6 18. Qxf6 gxf6 19. Rfc1 Rc6 20. Nd4 Rb6 21.
Kf1 Rc8 22. Rc2 Bxd4 23. cxd4 Rxc2 24. Bxc2 Rb2 25. Bd3 Rd2 26. Bb5 Rxd4 27.
Ke2 Re4+ 28. Kd2 Rd4+ 29. Ke2 Re4+ $11 1/2-1/2

[Event "Copenhagen Ch"]
[Site "Copenhagen"]
[Date "2000.01.21"]
[Round "1"]
[White "El Kher, Henrik"]
[Black "Olsen, Heini"]
[Result "1/2-1/2"]
[WhiteElo "2372"]
[BlackElo "2289"]
[PlyCount "43"]
[EventDate "2000.01.21"]
[EventCountry "DEN"]

1. e4 e5 2. Nf3 Nc6 3. Nc3 Nf6 4. Bb5 Nd4 5. Ba4 Bc5 6. Nxe5 O-O 7. Nd3 Bb6 8.
e5 Ne8 9. Nd5 d6 10. Ne3 dxe5 11. Nxe5 Qg5 12. N5c4 f5 13. f4 Qxf4 14. c3 Qh4+
15. g3 Qh3 16. cxd4 f4 17. gxf4 Qh4+ 18. Ke2 Bg4+ 19. Nxg4 Qxg4+ 20. Ke1 Qh4+
21. Ke2 Qg4+ 22. Ke1 $11 1/2-1/2

[Event "Copenhagen Ch"]
[Site "Copenhagen"]
[Date "2000.01.21"]
[Round "1"]
[White "Hartvig, Ove Weiss"]
[Black "Jorgensen, Per Henrik Dorff"]
[Result "1-0"]
[WhiteElo "2264"]
[BlackElo "2300"]
[PlyCount "59"]
[EventDate "2000.01.21"]
[EventCountry "DEN"]

1. e4 e6 2. d4 d5 3. Nc3 Bb4 4. e5 c5 5. a3 Bxc3+ 6. bxc3 Ne7 7. Qg4 O-O 8. Bd3
Nbc6 9. Nf3 f5 10. exf6 Rxf6 11. Bg5 Rf7 12. Qh4 h6 13. Bd2 c4 14. Be2 Qf8 15.
Qh5 e5 16. dxe5 Rf5 17. Qh4 Ng6 18. Qg3 Nf4 19. Be3 g5 20. h4 Nh5 21. Qg4 Qe8
22. hxg5 Rxg5 23. Qh4 Rf5 24. g4 Rxe5 25. Nxe5 Qxe5 26. Rd1 Nf6 27. Qxh6 Kf7
28. g5 Ne4 29. Qh7+ Ke8 30. Qh8+ 1-0

[Event "Copenhagen Ch"]
[Site "Copenhagen"]
[Date "2000.01.23"]
[Round "3"]
[White "Hartvig, Ove Weiss"]
[Black "El Kher, Henrik"]
[Result "0-1"]
[WhiteElo "2264"]
[BlackElo "2372"]
[PlyCount "104"]
[EventDate "2000.01.21"]
[EventCountry "DEN"]

1. e4 c5 2. Nf3 Nc6 3. d4 cxd4 4. Nxd4 Nf6 5. Nc3 e5 6. Ndb5 d6 7. a4 a6 8. Na3
Be6 9. Nc4 Rc8 10. Ne3 Nb4 11. Bd3 Be7 12. O-O O-O 13. f4 exf4 14. Rxf4 g6 15.
Kh1 d5 16. exd5 Nbxd5 17. Ncxd5 Nxd5 18. Rf1 $11 Bd6 19. Nxd5 Bxd5 20. Qg4 Be5
21. Bh6 Bxb2 22. Bxf8 Be6 23. Qb4 Bxa1 24. Be7 Bc3 25. Qxb7 Qc7 26. Qxc7 Rxc7
27. Bh4 Bc4 28. Rc1 Be5 29. Bg5 f6 30. Be3 Kf7 31. Bb6 Rc6 32. Bxc4+ Rxc4 33.
a5 Bb2 34. Rd1 Rxc2 35. g3 Rc1 36. Rxc1 Bxc1 37. Kg2 f5 38. Kf3 Ke6 39. g4
fxg4+ 40. Kxg4 Ke5 41. Bc7+ Ke4 42. h3 Bd2 43. Bd8 Bf4 44. Bb6 h5+ 45. Kh4 Kf3
46. Bd8 Ke4 47. Be7 Kf5 48. Bd8 Be5 49. Bb6 Kf4 50. Bd8 Bc3 51. Bc7+ Kf5 52.
Bd8 Be1# 0-1

[Event "Copenhagen Ch"]
[Site "Copenhagen"]
[Date "2000.01.28"]
[Round "8"]
[White "Hartvig, Ove Weiss"]
[Black "Nilssen, John Arni"]
[Result "1-0"]
[WhiteElo "2264"]
[BlackElo "2339"]
[PlyCount "109"]
[EventDate "2000.01.21"]
[EventCountry "DEN"]

1. e4 c5 2. Nf3 Nc6 3. d4 cxd4 4. Nxd4 e5 5. Nb5 d6 6. c4 Be7 7. N1c3 a6 8. Na3
Be6 9. Bd3 Bg5 10. Nc2 Bxc1 11. Rxc1 Nf6 12. O-O O-O 13. b3 Rc8 14. Nd5 Bxd5
15. exd5 Ne7 16. Ne3 e4 17. Bb1 b5 18. Qd4 bxc4 19. Rxc4 Rxc4 20. bxc4 Qa5 21.
Bxe4 Re8 22. Bb1 Nd7 23. Qh4 Ng6 24. Qg3 Qc5 25. h4 Nf6 26. Nf5 Re5 27. Qb3 Nf4
28. g3 Ne2+ 29. Kg2 g6 30. Qb8+ Ne8 31. Nh6+ Kg7 32. Ng4 Re7 33. Qb2+ Qd4 34.
Qxd4+ Nxd4 35. Rd1 Ne2 36. Rd3 f5 37. Ne3 f4 38. Nd1 Rb7 39. Bc2 Nf6 40. Kf3
Re7 41. c5 Nc1 42. Rd2 fxg3 43. fxg3 Nxa2 44. cxd6 Rf7 45. Bxg6 Kxg6 46. Rxa2
Kf5 47. Ne3+ Ke5 48. Ke2 Ne4 49. Rxa6 Nxg3+ 50. Kd3 h5 51. Nc4+ Kxd5 52. d7
Rxd7 53. Nb6+ Ke6+ 54. Nxd7+ Kxd7 55. Rf6 1-0

[Event "Copenhagen Ch"]
[Site "Copenhagen"]
[Date "2000.01.25"]
[Round "5"]
[White "Hartvig, Ove Weiss"]
[Black "Olsen, Heini"]
[Result "1/2-1/2"]
[WhiteElo "2264"]
[BlackElo "2289"]
[PlyCount "41"]
[EventDate "2000.01.21"]
[EventCountry "DEN"]

1. e4 e5 2. d4 exd4 3. Qxd4 Nc6 4. Qe3 Nf6 5. Bd2 Bb4 6. Nc3 O-O 7. O-O-O Re8
8. Qg3 Rxe4 9. a3 Bd6 10. f4 Re8 11. Nf3 Bc5 12. Bc4 d5 13. Bxd5 Ne7 14. Rhe1
Nexd5 15. Nxd5 Rxe1 16. Nxf6+ Qxf6 17. Rxe1 Bf5 18. Nh4 Bd4 19. c3 Bb6 20. Nxf5
Qxf5 21. Qf3 1/2-1/2

[Event "Copenhagen Ch"]
[Site "Copenhagen"]
[Date "2000.01.26"]
[Round "6"]
[White "Hartvig, Ove Weiss"]
[Black "Sorensen, Torben N"]
[Result "1/2-1/2"]
[WhiteElo "2264"]
[BlackElo "2319"]
[PlyCount "102"]
[EventDate "2000.01.21"]
[EventCountry "DEN"]

1. e4 c5 2. Nf3 Nc6 3. d4 cxd4 4. Nxd4 g6 5. Nc3 Bg7 6. Be3 Nf6 7. Bc4 O-O 8.
Bb3 a5 9. f3 d5 10. exd5 Nb4 11. Nde2 Bf5 12. a4 e6 13. g4 Bxg4 14. fxg4 Nxg4
15. Qd2 Qh4+ 16. Ng3 Nxe3 17. Qxe3 exd5 18. Qf3 Rae8+ 19. Kf1 Bd4 20. Kg2 Re3
21. Qf1 f5 22. Nxd5 Rxb3 23. cxb3 Nxd5 24. Qc4 Rd8 25. Rad1 Kf8 26. Qxd4 Qxd4
27. Rxd4 Ne3+ 28. Kf3 Rxd4 29. Kxe3 Rb4 30. Kd3 Rxb3+ 31. Kc2 Rb4 32. b3 Rh4
33. Nf1 Rh3 34. Rg1 Rf3 35. Nd2 Rf2 36. h3 Kf7 37. Rg3 Kf6 38. Kd3 g5 39. Nc4
f4 40. Rg1 Rf3+ 41. Kc2 Rf2+ 42. Kc3 Rf3+ 43. Kb2 b6 44. h4 gxh4 45. Rg4 h3 46.
Nd2 Rf2 47. Kc3 Kf5 48. Rh4 h2 49. Rxh7 Kg4 50. Kd3 f3 51. Rg7+ Kf4 1/2-1/2

[Event "Copenhagen Ch"]
[Site "Copenhagen"]
[Date "2000.01.26"]
[Round "6"]
[White "Hove, Esben Kjems"]
[Black "Hvenekilde, Jorgen"]
[Result "1-0"]
[WhiteElo "2270"]
[BlackElo "2266"]
[PlyCount "99"]
[EventDate "2000.01.21"]
[EventCountry "DEN"]

1. d4 d5 2. c4 e5 3. dxe5 d4 4. a3 Nc6 5. Nf3 Bg4 6. Bf4 Nge7 7. Nbd2 Ng6 8.
Bg3 Be7 9. Nb3 h5 10. h3 Bxf3 11. exf3 h4 12. Bh2 Ngxe5 13. Bxe5 Nxe5 14. Qxd4
Qxd4 15. Nxd4 O-O-O 16. Nf5 Rhe8 17. Be2 Bf6 18. O-O Rd2 19. Rfe1 Ng6 20. Bf1
Rxe1 21. Rxe1 Rxb2 22. Re3 Rb1 23. g3 Ne5 24. Kg2 Rc1 25. Re4 hxg3 26. f4 Nf3
27. Kxf3 Rxf1 28. Nxg3 Ra1 29. Re8+ Kd7 30. Rf8 Rxa3+ 31. Kg4 a5 32. Rxf7+ Kc6
33. Nh5 Bb2 34. Nxg7 Rd3 35. Ne6 Rd7 36. Rf8 a4 37. Ra8 a3 38. f5 b6 39. Kg5
Kb7 40. Ra4 Rd3 41. f6 Rf3 42. f7 c6 43. c5 b5 44. Rf4 Rxf4 45. Kxf4 Bc1+ 46.
Kf5 Bh6 47. Kg6 Bf8 48. Nxf8 a2 49. Ne6 a1=Q 50. f8=Q 1-0

[Event "Copenhagen Ch"]
[Site "Copenhagen"]
[Date "2000.01.24"]
[Round "4"]
[White "Hove, Esben Kjems"]
[Black "Hartvig, Ove Weiss"]
[Result "0-1"]
[WhiteElo "2270"]
[BlackElo "2264"]
[PlyCount "90"]
[EventDate "2000.01.21"]
[EventCountry "DEN"]

1. d4 f5 2. Nf3 g6 3. h4 Nf6 4. Bg5 Bg7 5. Qc1 c5 6. dxc5 Ne4 7. c3 Na6 8. Bh6
Bf6 9. h5 Naxc5 10. Be3 Qc7 11. hxg6 hxg6 12. Rxh8+ Bxh8 13. Nbd2 d6 14. Nxe4
Nxe4 15. Nd2 Nf6 16. Bg5 Be6 17. Bxf6 Bxf6 18. Nf3 Rc8 19. Qe3 Bg8 20. Nd2 $11
Qa5 21. Qd3 Qb6 22. Qc2 Kd8 23. Nf3 Qa5 24. Nd2 b5 25. e3 Qb6 26. a3 a5 27. Be2
Bf7 28. Rd1 b4 29. axb4 axb4 30. c4 Ra8 31. b3 Qa5 32. Qd3 Bc3 33. Kf1 Qe5 34.
Nb1 Ra2 35. f4 Qh8 36. Kg1 Rb2 37. Nxc3 Qxc3 38. Qxc3 bxc3 39. Kf2 Rxb3 40. Rc1
Kc7 41. Ke1 Kb6 42. Ra1 Kc5 43. Ra5+ Kb4 44. Rb5+ Ka3 45. Bd1 Rxb5 0-1

[Event "Copenhagen Ch"]
[Site "Copenhagen"]
[Date "2000.01.23"]
[Round "3"]
[White "Hove, Esben Kjems"]
[Black "Olsen, Heini"]
[Result "0-1"]
[WhiteElo "2270"]
[BlackElo "2289"]
[PlyCount "132"]
[EventDate "2000.01.21"]
[EventCountry "DEN"]

1. d4 Nf6 2. Nf3 e6 3. Bf4 b6 4. Nbd2 Bb7 5. e3 c5 6. c3 Be7 7. h3 O-O 8. Bd3
cxd4 9. exd4 d6 10. Qe2 Nbd7 11. O-O Re8 12. Bc4 a6 13. a4 Nf8 14. Bh2 Ng6 15.
Ne1 Bf8 16. f4 Qd7 17. Nd3 b5 18. Bb3 Nh4 19. Bg3 Nf5 20. Bf2 Qc6 21. Nf3 Ne4
22. Kh2 Nxf2 23. Rxf2 Qb6 24. Bc2 Rac8 25. Ng5 g6 26. Ne4 Bg7 27. axb5 axb5 28.
Nb4 Ra8 29. Rxa8 Rxa8 30. Bd3 Rb8 31. Nd2 Ne7 32. Rf1 Nd5 33. Nc2 b4 34. Nc4
Qc7 35. cxb4 Ba6 36. b3 Nxb4 37. Nxb4 Rxb4 38. Ra1 Bxc4 39. Ra8+ Rb8 40. Rxb8+
Qxb8 41. bxc4 Bxd4 42. g3 Qa7 43. Kg2 Qa1 44. Qf1 Qb2+ 45. Qe2 Qc1 46. Qf1 Qe3
47. h4 Kg7 48. Qf3 Qg1+ 49. Kh3 f5 50. Qg2 Qc1 51. Qf1 Qb2 52. Qe2 Qa1 53. Qf1
Qc3 54. Be2 Kf6 55. h5 e5 56. hxg6 hxg6 57. fxe5+ dxe5 58. Kg2 e4 59. Qf4 Be5
60. Qh4+ Ke6 61. Qg5 Kf7 62. Qh4 Qe3 63. Qh7+ Kf8 64. Qxg6 Qxe2+ 65. Kh3 Qg4+
66. Qxg4 fxg4+ 0-1

[Event "Copenhagen Ch"]
[Site "Copenhagen"]
[Date "2000.01.21"]
[Round "1"]
[White "Hove, Esben Kjems"]
[Black "Jakobsen, Ole"]
[Result "0-1"]
[WhiteElo "2270"]
[BlackElo "2402"]
[PlyCount "90"]
[EventDate "2000.01.21"]
[EventCountry "DEN"]

1. d4 Nf6 2. c4 e6 3. Nc3 Bb4 4. Qc2 O-O 5. Nf3 c5 6. dxc5 Na6 7. Bd2 Nxc5 8.
Rd1 b6 9. a3 Bxc3 10. Bxc3 Bb7 11. Ng5 Nfe4 12. Nxe4 Nxe4 13. e3 Rc8 14. Bb4
Nc5 15. f3 Qg5 16. Qf2 d5 17. b3 Qe5 18. Bxc5 bxc5 19. Qd2 d4 20. Kf2 Rcd8 21.
Be2 f5 22. exd4 cxd4 23. f4 Qd6 24. b4 e5 25. fxe5 Qxe5 26. Bf3 Be4 27. h3 d3
28. c5 Bxf3 29. Kxf3 Qe4+ 30. Kf2 f4 31. Rhe1 Qg6 32. Kg1 f3 33. Rf1 Qc6 34.
gxf3 Rxf3 35. Qg2 Rxf1+ 36. Rxf1 Qc7 37. Rd1 Qe5 38. Qf3 d2 39. c6 Rf8 40. Qb3+
Kh8 41. c7 Qe1+ 42. Kg2 Rf2+ 43. Kg3 Rf1+ 44. Kg4 Qe4+ 45. Kg3 Qf4+ 0-1

[Event "Copenhagen Ch"]
[Site "Copenhagen"]
[Date "2000.01.28"]
[Round "8"]
[White "Hove, Esben Kjems"]
[Black "Larsen, Karsten"]
[Result "1-0"]
[WhiteElo "2270"]
[BlackElo "2294"]
[PlyCount "81"]
[EventDate "2000.01.21"]
[EventCountry "DEN"]

1. d4 Nf6 2. c4 g6 3. Nc3 Bg7 4. e4 d6 5. f3 O-O 6. Be3 e5 7. Nge2 Nbd7 8. Qd2
c6 9. d5 cxd5 10. cxd5 a6 11. b4 Nh5 12. Nc1 f5 13. Bd3 Ndf6 14. Nb3 Nf4 15.
Bc2 Bd7 16. g3 Nh3 17. Qg2 Rc8 18. Bd2 Qb6 19. Bd3 fxe4 20. Nxe4 Nxd5 21. a3
Nf6 22. Qe2 d5 23. Be3 d4 24. Bd2 Nxe4 25. Bxe4 Bb5 26. Qg2 Bd7 27. Nc5 Rxc5
28. bxc5 Qxc5 29. Bb4 Qc7 30. Qa2+ Kh8 31. Bxf8 Qc3+ 32. Kf1 Bxf8 33. Kg2 Ng5
34. Rhc1 Bh3+ 35. Kh1 Qe3 36. Re1 Qc3 37. Rac1 Qa5 38. Qd5 Qd2 39. Qxe5+ Kg8
40. Bd5+ Nf7 41. Qe2 1-0

[Event "Copenhagen Ch"]
[Site "Copenhagen"]
[Date "2000.01.27"]
[Round "7"]
[White "Hvenekilde, Jorgen"]
[Black "Hartvig, Ove Weiss"]
[Result "1-0"]
[WhiteElo "2266"]
[BlackElo "2264"]
[PlyCount "85"]
[EventDate "2000.01.21"]
[EventCountry "DEN"]

1. d4 Nf6 2. c4 c5 3. d5 b5 4. a4 b4 5. Nd2 e5 6. e4 d6 7. Bd3 g6 8. Nf1 Bg7 9.
Ne3 a5 10. b3 Nh5 11. Ra2 O-O 12. g3 Qe8 13. Be2 f5 14. exf5 Nf6 15. fxg6 Qxg6
16. f3 Ra7 17. Bd3 e4 18. Bb1 Re7 19. f4 Ng4 20. Ne2 Qh5 21. Nxg4 Bxg4 22. Be3
Bc3+ 23. Kf2 Bf3 24. h3 Bxh1 25. Qxh1 Bg7 26. g4 Qh4+ 27. Kg2 Nd7 28. Ng3 Bd4
29. Qc1 Bxe3 30. Qxe3 Qf6 31. Nf5 Ree8 32. Re2 Qg6 33. Kh2 Nf6 34. Rg2 Kh8 35.
Bc2 h5 36. Nh4 Qh7 37. g5 Nd7 38. g6 Qg7 39. Rg5 Nf6 40. Nf5 Qd7 41. g7+ Kg8
42. gxf8=Q+ Kxf8 43. Bd1 1-0

[Event "Copenhagen Ch"]
[Site "Copenhagen"]
[Date "2000.01.25"]
[Round "5"]
[White "Hvenekilde, Jorgen"]
[Black "El Kher, Henrik"]
[Result "1/2-1/2"]
[WhiteElo "2266"]
[BlackElo "2372"]
[PlyCount "87"]
[EventDate "2000.01.21"]
[EventCountry "DEN"]

1. e4 c5 2. Nf3 Nc6 3. Be2 g6 4. O-O Bg7 5. Re1 d6 6. c3 e5 7. d3 Nge7 8. a3 a5
9. a4 O-O 10. Na3 h6 11. Nb5 d5 12. Nd2 Be6 13. Bf3 Qd7 14. exd5 Nxd5 15. Nc4
Rad8 16. Qe2 Qe7 17. Bd2 Rfe8 18. Rad1 f5 19. Bc1 Bf7 20. Qf1 Qf6 21. Bxd5 Bxd5
22. Nc7 Re7 23. Nxd5 Rxd5 24. Be3 Nd8 25. Nxa5 Ne6 26. Nc4 g5 27. a5 Rf7 28. f3
Qg6 $11 29. Qe2 h5 30. Kh1 g4 31. Rf1 Kh7 32. f4 Nxf4 33. Bxf4 exf4 34. Rxf4
Bh6 35. Rff1 f4 36. Qe4 Rff5 37. d4 cxd4 38. Rxd4 Rxd4 39. cxd4 Bg7 40. Nd6
Rxa5 41. Qxg6+ Kxg6 42. Nxb7 Rb5 43. Nc5 Bxd4 44. Nd3 $11 1/2-1/2

[Event "Copenhagen Ch"]
[Site "Copenhagen"]
[Date "2000.01.21"]
[Round "1"]
[White "Hvenekilde, Jorgen"]
[Black "Nilssen, John Arni"]
[Result "0-1"]
[WhiteElo "2266"]
[BlackElo "2339"]
[PlyCount "47"]
[EventDate "2000.01.21"]
[EventCountry "DEN"]

1. e4 c5 2. Nf3 Nc6 3. b4 cxb4 4. d4 d5 5. exd5 Qxd5 6. c4 bxc3 7. Nxc3 Qa5 8.
d5 e6 9. dxc6 Bb4 10. Bd2 Bxc3 11. Be2 Bxd2+ 12. Nxd2 Ne7 13. O-O O-O 14. cxb7
Bxb7 15. Bf3 Rad8 16. Qb1 Rxd2 17. Qxb7 Ng6 18. a4 Ne5 19. Rfc1 Rfd8 20. Rc8
Nxf3+ 21. gxf3 Rxc8 22. Qxc8+ Rd8 23. Rc1 g6 24. Qc7 0-1

[Event "Copenhagen Ch"]
[Site "Copenhagen"]
[Date "2000.01.23"]
[Round "3"]
[White "Hvenekilde, Jorgen"]
[Black "Jorgensen, Per Henrik Dorff"]
[Result "1/2-1/2"]
[WhiteElo "2266"]
[BlackElo "2300"]
[PlyCount "41"]
[EventDate "2000.01.21"]
[EventCountry "DEN"]

1. d4 Nf6 2. c4 g6 3. Nc3 Bg7 4. e4 d6 5. f3 O-O 6. Be3 e5 7. Nge2 c6 8. Qd2
Nbd7 9. O-O-O a6 10. Kb1 b5 11. c5 Qc7 12. dxe5 dxe5 13. Nc1 Bb7 14. Bd3 Rfd8
15. Qf2 Nf8 16. Rd2 Ne6 17. Rhd1 Nd7 18. Bc2 Nd4 19. Nb3 Nxc2 20. Kxc2 Nf8 21.
Rxd8 1/2-1/2

[Event "Copenhagen Ch"]
[Site "Copenhagen"]
[Date "2000.01.29"]
[Round "9"]
[White "Hvenekilde, Jorgen"]
[Black "Olsen, Heini"]
[Result "1/2-1/2"]
[WhiteElo "2266"]
[BlackElo "2289"]
[PlyCount "87"]
[EventDate "2000.01.21"]
[EventCountry "DEN"]

1. d4 Nf6 2. c4 e6 3. Nc3 Bb4 4. Bd2 O-O 5. a3 Bxc3 6. Bxc3 Ne4 7. Rc1 d6 8.
Nf3 Nd7 9. g3 Qe7 10. Bg2 f5 11. O-O Ndf6 12. b4 Nxc3 13. Rxc3 e5 14. e3 Bd7
15. b5 a6 16. Nd2 e4 17. f3 exf3 18. Qxf3 c6 19. bxc6 Bxc6 20. d5 Bd7 21. Rb1
Qe5 22. Rcc1 b5 23. Qf4 Rfe8 24. Qxe5 Rxe5 25. Rc3 Rae8 26. cxb5 axb5 27. a4
bxa4 28. Nc4 Rc8 29. Rbc1 Nxd5 30. R3c2 Rxc4 31. Rxc4 Nxe3 32. Rc7 Re7 33. Bc6
Bxc6 34. Rxe7 Nd5 35. Ra7 Be8 36. Rc8 Kf8 37. Raa8 Nf6 38. Rxa4 Ke7 39. Ra7+
Bd7 40. Rc1 Ne4 41. Kg2 Nc5 42. Kf3 Nd3 43. Rb1 Ne5+ 44. Ke3 1/2-1/2

[Event "Copenhagen Ch"]
[Site "Copenhagen"]
[Date "2000.01.29"]
[Round "9"]
[White "Jakobsen, Ole"]
[Black "El Kher, Henrik"]
[Result "1/2-1/2"]
[WhiteElo "2402"]
[BlackElo "2372"]
[PlyCount "52"]
[EventDate "2000.01.21"]
[EventCountry "DEN"]

1. d4 Nf6 2. c4 g6 3. Nf3 Bg7 4. g3 d5 5. cxd5 Nxd5 6. Bg2 Nb6 7. Nc3 Nc6 8. e3
O-O 9. O-O Re8 10. d5 Na5 11. Nd4 Bd7 12. Qe2 Qc8 13. Rd1 Bg4 14. Bf3 Bxf3 15.
Qxf3 c6 16. e4 cxd5 17. exd5 Nac4 18. Kg2 Qd7 19. Nc2 Rac8 20. Qd3 e6 21. dxe6
Qxe6 22. Qf3 Qc6 23. Qxc6 Rxc6 24. Nd4 Rd6 25. Nf3 Rxd1 26. Nxd1 Nd5 1/2-1/2

[Event "Copenhagen Ch"]
[Site "Copenhagen"]
[Date "2000.01.24"]
[Round "4"]
[White "Jakobsen, Ole"]
[Black "Hvenekilde, Jorgen"]
[Result "1-0"]
[WhiteElo "2402"]
[BlackElo "2266"]
[PlyCount "71"]
[EventDate "2000.01.21"]
[EventCountry "DEN"]

1. Nf3 Nf6 2. g3 g6 3. b3 Bg7 4. Bb2 O-O 5. Bg2 d6 6. d4 e5 7. dxe5 Ng4 8. Qc1
Nxe5 9. O-O Nbc6 10. Rd1 Nxf3+ 11. Bxf3 Bxb2 12. Qxb2 Ne5 13. Bg2 Qf6 14. Nc3
Ng4 15. Rf1 c6 16. h3 Ne5 17. f4 Nd7 18. e4 Re8 19. Rae1 Qd4+ 20. Kh2 a5 21.
Rd1 Qf6 22. e5 dxe5 23. Ne4 Qe7 24. f5 f6 25. Rd6 gxf5 26. Rxf5 Rf8 27. Qc3 Kg7
28. Qd2 Nc5 29. Rfxf6 Rxf6 30. Rxf6 Nxe4 31. Qh6+ Kg8 32. Bxe4 Bd7 33. Bxh7+
Qxh7 34. Qg5+ Kh8 35. Rh6 Re8 36. Qf6+ 1-0

[Event "Copenhagen Ch"]
[Site "Copenhagen"]
[Date "2000.01.22"]
[Round "2"]
[White "Jakobsen, Ole"]
[Black "Hartvig, Ove Weiss"]
[Result "1/2-1/2"]
[WhiteElo "2402"]
[BlackElo "2264"]
[PlyCount "79"]
[EventDate "2000.01.21"]
[EventCountry "DEN"]

1. d4 f5 2. g3 g6 3. Bg2 Nf6 4. c4 Bg7 5. Nf3 d6 6. O-O O-O 7. b4 Ne4 8. Bb2 c5
9. b5 Qc7 10. Na3 Be6 11. Qb3 Nd7 12. d5 Bf7 13. Bxg7 Kxg7 14. Nd2 Nxd2 15.
Qb2+ Nf6 16. Qxd2 Rad8 17. Nc2 Rfe8 18. Ne3 e5 19. dxe6 Bxe6 20. Rfd1 Qf7 21.
Qc2 b6 22. Rd2 f4 23. gxf4 Nh5 24. Nd5 Bxd5 25. Bxd5 Qf6 26. Qb2 Qxb2 27. Rxb2
Nxf4 28. Bf3 d5 29. cxd5 Nxd5 30. Rc1 Nf4 31. h4 h6 32. Kh2 g5 33. hxg5 hxg5
34. Kg3 Rh8 35. Bg4 Nh5+ 36. Kg2 Rd4 37. Bxh5 Rxh5 38. e3 Rd3 39. Kf3 Kf6 40.
Ke2 1/2-1/2

[Event "Copenhagen Ch"]
[Site "Copenhagen"]
[Date "2000.01.29"]
[Round "9"]
[White "Jorgensen, Per Henrik Dorff"]
[Black "Hove, Esben Kjems"]
[Result "0-1"]
[WhiteElo "2300"]
[BlackElo "2270"]
[PlyCount "84"]
[EventDate "2000.01.21"]
[EventCountry "DEN"]

1. d4 c6 2. c4 Nf6 3. Nc3 d6 4. e4 e5 5. Nf3 Nbd7 6. Be2 Be7 7. O-O O-O 8. Re1
Re8 9. Bf1 a6 10. Rb1 b5 11. b4 Bb7 12. Qc2 exd4 13. Nxd4 bxc4 14. Bxc4 d5 15.
exd5 cxd5 16. Bd3 Bd6 17. Rxe8+ Qxe8 18. Nce2 Rc8 19. Qd1 Ne5 20. Bf5 Rc4 21.
Bg5 Ne4 22. Bxe4 dxe4 23. Nf5 Bf8 24. Nd6 Bxd6 25. Qxd6 h6 26. Bf4 Nd3 27. Be3
Kh7 28. Nd4 Qc8 29. h3 f5 30. b5 axb5 31. Nxb5 Rc6 32. Qe7 Re6 33. Qf7 Rf6 34.
Qe7 Bd5 35. Nd6 Qc2 36. Rb8 f4 37. Nxe4 Re6 38. Qd8 fxe3 39. Qxd5 exf2+ 40.
Nxf2 Qxf2+ 41. Kh2 Qf4+ 42. g3 Re2+ 0-1

[Event "Copenhagen Ch"]
[Site "Copenhagen"]
[Date "2000.01.22"]
[Round "2"]
[White "Jorgensen, Per Henrik Dorff"]
[Black "Sorensen, Torben N"]
[Result "0-1"]
[WhiteElo "2300"]
[BlackElo "2319"]
[PlyCount "126"]
[EventDate "2000.01.21"]
[EventCountry "DEN"]

1. c4 c5 2. Nf3 g6 3. d4 cxd4 4. Nxd4 Bg7 5. e4 Nc6 6. Be3 Nf6 $11 7. Nc3 Ng4
8. Qxg4 Nxd4 9. Qd1 e5 10. Bd3 O-O 11. O-O d6 12. Ne2 Qb6 13. Qd2 a5 14. f4
exf4 15. Nxf4 Qb4 16. Nd5 Qxd2 17. Bxd2 Nc6 18. Nf6+ Bxf6 19. Rxf6 Be6 20. Bc3
Ne5 21. Bf1 Rfc8 22. Rd1 Nxc4 23. Bxc4 Rxc4 24. Rxd6 b5 25. a3 b4 26. axb4 axb4
27. Bd4 Kf8 28. Rf1 Ke7 29. e5 Rd8 30. Rxd8 Kxd8 31. Rd1 Kc7 32. Rd2 Kc6 33.
Kf2 Kd5 34. Ke3 Rc1 35. Bb6+ Kc4 36. Kf2 Kb3 37. Bd4 Bf5 38. Ke3 h5 39. h4 Rc4
40. g3 Rc1 41. Kf2 Bc2 42. Ke3 Re1+ 43. Kf2 Re4 44. Kf3 Rg4 45. e6 fxe6 46. Bf6
Rc4 47. Rd6 Be4+ 48. Ke3 Bf5 49. Rd4 Rc5 50. Kf4 Rb5 51. Be5 Kc2 52. Rc4+ Kb1
53. Rd4 b3 54. Rd2 Bc2 55. Bd4 Rd5 56. Ke3 e5 57. Bc3 Rc5 58. Bb4 Rc4 59. Ba3
Ra4 60. Bd6 Re4+ 61. Kf2 Kc1 62. Rd5 Rd4 63. Rxd4 exd4 0-1

[Event "Copenhagen Ch"]
[Site "Copenhagen"]
[Date "2000.01.24"]
[Round "4"]
[White "Jorgensen, Per Henrik Dorff"]
[Black "Nilssen, John Arni"]
[Result "1/2-1/2"]
[WhiteElo "2300"]
[BlackElo "2339"]
[PlyCount "54"]
[EventDate "2000.01.21"]
[EventCountry "DEN"]

1. Nf3 Nf6 2. g3 c5 3. Bg2 Nc6 4. O-O g6 5. d3 Bg7 6. e4 d6 7. Nbd2 Rb8 8. a4
a6 9. Re1 O-O 10. c3 b5 11. axb5 axb5 12. d4 Nd7 13. Nb3 c4 14. d5 Nce5 15.
Nbd4 Bb7 16. Nxe5 Nxe5 17. Nxb5 Nd3 18. Re2 Bxd5 19. exd5 Nxc1 20. Qxc1 Rxb5
21. Ra4 Qc7 22. Qa1 Rfb8 23. Qa2 Rb3 24. Ra7 R8b7 25. Ra8+ Rb8 26. Ra7 R8b7 27.
Ra8+ Rb8 1/2-1/2

[Event "Copenhagen Ch"]
[Site "Copenhagen"]
[Date "2000.01.27"]
[Round "7"]
[White "Larsen, Karsten"]
[Black "El Kher, Henrik"]
[Result "1/2-1/2"]
[WhiteElo "2294"]
[BlackElo "2372"]
[PlyCount "59"]
[EventDate "2000.01.21"]
[EventCountry "DEN"]

1. d4 Nf6 2. c4 g6 3. Nc3 d5 4. cxd5 Nxd5 5. e4 Nxc3 6. bxc3 Bg7 7. Bc4 O-O 8.
Ne2 Nc6 9. O-O e5 10. Be3 Qe7 11. f3 Rd8 12. d5 Na5 13. Bd3 c6 14. c4 b5 15.
Nc3 bxc4 16. Qa4 cxd3 17. Qxa5 Bb7 18. Bc5 Qe8 19. Rab1 Rd7 20. d6 Bh6 21. Rfd1
d2 22. Rb2 Qe6 23. Nb1 Qc4 $11 24. Nxd2 Qe2 25. Rdb1 Ba6 26. Nf1 Qc4 27. Rb4
Qe2 28. R4b2 Qc4 29. Rb4 Qe2 30. R4b2 $11 1/2-1/2

[Event "Copenhagen Ch"]
[Site "Copenhagen"]
[Date "2000.01.22"]
[Round "2"]
[White "Larsen, Karsten"]
[Black "Hvenekilde, Jorgen"]
[Result "1/2-1/2"]
[WhiteElo "2294"]
[BlackElo "2266"]
[PlyCount "38"]
[EventDate "2000.01.21"]
[EventCountry "DEN"]

1. Nf3 d6 2. d4 Nf6 3. g3 Bg4 4. Bg2 Qc8 5. h3 Bd7 6. c4 Nc6 7. b3 e5 8. Bb2
exd4 9. Nxd4 Be7 10. Nc3 O-O 11. Rc1 Re8 12. Nd5 Nxd5 13. cxd5 Nxd4 14. Bxd4 c5
15. dxc6 bxc6 16. O-O c5 17. Kh2 Rb8 18. Qd2 Bf8 19. Bc3 Bc6 $11 1/2-1/2

[Event "Copenhagen Ch"]
[Site "Copenhagen"]
[Date "2000.01.29"]
[Round "9"]
[White "Larsen, Karsten"]
[Black "Hartvig, Ove Weiss"]
[Result "1/2-1/2"]
[WhiteElo "2294"]
[BlackElo "2264"]
[PlyCount "61"]
[EventDate "2000.01.21"]
[EventCountry "DEN"]

1. e4 c6 2. d3 d5 3. Nd2 g6 4. Ngf3 Bg7 5. g3 e5 6. Bg2 Ne7 7. O-O O-O 8. Re1
d4 9. Qe2 b5 10. c3 c5 11. a4 bxa4 12. Nc4 Nd7 13. Bd2 Ba6 14. Rxa4 Bb5 15. Ra3
Bxc4 16. dxc4 Qb6 17. b3 Nc6 18. Rea1 Rfe8 19. Ne1 Nf8 20. Bh3 Ne6 21. Bxe6
Rxe6 22. Nf3 dxc3 23. Bxc3 Nd4 24. Bxd4 exd4 25. Qd3 a6 26. Nd2 Qb4 27. R3a2
Qc3 28. Qf1 d3 29. Rc1 Qd4 30. Rd1 Rd6 31. Kh1 1/2-1/2